000 00641nam a2200181Ia 4500
008 090124s9999 xx 000 0 und d
082 _b32612
100 _aखंदारे साहेब
245 _a लोकसाहित्य : शब्द आणि प्रयोग
250 _a1
260 _c2004
300 _a208
600 _aखंदारे साहेब
630 _a लोकसाहित्य : शब्द आणि प्रयोग
700 _aखंदारे साहेब
730 _a लोकसाहित्य : शब्द आणि प्रयोग
942 _cBOOK
999 _c178706
_d178706